Garbiari v Brezovej pod Bradlom

Bibliographic Details
Main Author: Herman, Juraj múzejník (Author)
Format: Article
Language:Slovak
PhysicalDescription:Obr. 4, res. angl., nem., lit. 18 zázn. v slov.
ISBN:808575309X
Subjects:

MARC

LEADER 00000nab a2200000 a 4500
001 vtls000505406
003 SK-MaSNL
005 20260304090419.0
008 250425c1993 xo 0 slo
015 |a SNBRA19rr/mm-uuuuu 
035 |a CL0505544 
035 |a urn:nbn:sk:snk-abbo1l 
035 |a (urnnbn)urn:nbn:sk:snk:ar-000lbm 
035 |a (uuid)c95a61c8-7c50-48a7-aa67-acc2b277462a 
040 |a SNKBUCL  |b slo  |c SNKBUCL  |e AACR2 
041 0 |a slo 
044 |a xo  |c SK 
080 |a 943.76:675(437.6)(091)  |2 1981 
080 |a 675(437.6)(091)  |2 1981 
100 1 |a Herman, Juraj  |c múzejník  |4 aut  |9 81396 
245 1 0 |a Garbiari v Brezovej pod Bradlom  |c Juraj Herman 
300 |b Obr. 4, res. angl., nem., lit. 18 zázn. v slov. 
650 0 7 |a garbiarstvo  |2 snkbucl  |9 58395 
651 7 |a Brezová pod Bradlom (Slovensko)  |2 snkbucl  |9 65473 
655 7 |a články zo zborníkov  |2 snkbucl  |9 166140 
773 0 |t Zborník Slovenského národného múzea  |d Bratislava : Slovenské národné múzeum, 1993  |g S. 5-14  |z 808575309X 
850 |a Slovenská národná knižnica 
852 |a Slovenská národná knižnica 
954 |a odborná, vedecká literatúra pôvodná (slovenská)  |2 lita 
958 |a article15 
958 |a NB 
958 |a RK 
958 |a OND 
958 |a EUIPO 
992 |a RZB 
999 |c 2811382  |d 2813312